[Event "POL-chT"]
[Site "Porabka"]
[Date "1986.??.??"]
[Round "?"]
[White "Hass, Roman"]
[Black "Adamski, Andrzej"]
[Result "1-0"]
[WhiteElo "2305"]
[BlackElo "2370"]

1.d4 d6 2.e4 g6 3.Nc3 Bg7 4.Nf3 Nf6 5.h3 O-O 6.Be3 c6 7.a4 Nbd7 8.a5 e5 9.dxe5 dxe5
10.Qd6 Re8 11.Bc4 Bf8 12.Qd3 h6 13.O-O Kg7 14.Na4 Nh5 15.Qd2 g5 16.g3 Qf6
17.Nh2 Qg6 18.Ng4 Ndf6 19.Qe2 Nf4 20.gxf4 gxf4 21.Kh2 Bxg4 22.hxg4 fxe3 23.fxe3 Be7
24.Rf5 b5 25.axb6 axb6 26.Rg1 Rxa4 27.g5 Ng4+ 28.Rxg4 hxg5 29.Rxf7+ Kh8 30.Rg3 Rxc4
31.Qxc4 g4 32.Rf1 Bh4 33.Rg2 Rg8 34.Qf7 g3+ 35.Kg1 Qg5 36.Rf3 Rg7 37.Qf8+ Kh7
38.Qf5+ Qxf5 39.exf5 Rd7 40.e4 Kg7 41.Re2 Rd1+ 42.Kg2 Rb1 43.b3 Kf7 44.Rc3 c5
45.Rd3 c4 46.bxc4 Kf6 47.Rd6+ Kg5 48.Rg6+ Kh5 49.Re6 Rc1 50.Rxb6 Kg4 51.Rg6+ Bg5
52.f6  1-0

[Event "POL-chT"]
[Site "Porabka"]
[Date "1986.??.??"]
[Round "?"]
[White "Sajko, Czeslaw"]
[Black "Kujawski, Ryszard"]
[Result "0-1"]
[WhiteElo "2210"]
[BlackElo "2225"]

1.e4 d6 2.d4 g6 3.Nc3 Bg7 4.Nf3 Nf6 5.Be2 O-O 6.O-O Bg4 7.h3 Bxf3 8.Bxf3 Nc6
9.Be3 e5 10.dxe5 dxe5 11.Nd5 Nxd5 12.exd5 Nd4 13.Bxd4 exd4 14.Qd3 Qd6 15.Rfe1 c5
16.dxc6 bxc6 17.Re2 Rac8 18.Rae1 Bf6 19.Qc4 Kg7 20.g3 a5 21.Be4 Rc7 22.Kg2 Rb8
23.c3 c5 24.Rd1 Qb6 25.Bf3 Qb5 26.Qxb5 Rxb5 27.Rc2 dxc3 28.bxc3 c4 29.Re1 a4  0-1

[Event "POL-chT"]
[Site "Porabka"]
[Date "1986.??.??"]
[Round "?"]
[White "Bakalarz, Mieczyslaw"]
[Black "Rakowiecki, Tomasz"]
[Result "1/2-1/2"]
[WhiteElo "2275"]
[BlackElo "2310"]

1.d4 g6 2.e4 Bg7 3.Nc3 d6 4.g3 Nc6 5.d5 Nd4 6.Nb1 c6 7.c3 Nb5 8.Ne2 Nf6 9.Bg2 c5
10.O-O O-O 11.h3 Nc7 12.Be3 e6 13.dxe6 Bxe6 14.Na3 Qe7 15.Re1 Rad8 16.Qa4 b5
17.Qa5 Rb8 18.Rad1 b4 19.e5 bxa3 20.exd6 Qe8 21.dxc7 Rxb2 22.Bxc5  1/2-1/2

[Event "POL-chT"]
[Site "Porabka"]
[Date "1986.??.??"]
[Round "?"]
[White "Flis, Jacek"]
[Black "Swic, Waldemar"]
[Result "1/2-1/2"]
[WhiteElo "2305"]
[BlackElo "2320"]

1.e4 g6 2.d4 Bg7 3.Nc3 d6 4.f4 Nc6 5.Be3 Nf6 6.Nf3 O-O 7.Be2 e6 8.Qd2 b6
9.O-O-O Bb7 10.Qe1 Ne7  1/2-1/2

[Event "POL-chT"]
[Site "Porabka"]
[Date "1986.??.??"]
[Round "?"]
[White "Zielinski, Marek"]
[Black "Szopka, Dariusz"]
[Result "1-0"]
[WhiteElo "2305"]
[BlackElo "2220"]

1.e4 g6 2.d4 Bg7 3.Nc3 d6 4.f4 c6 5.Nf3 Nf6 6.Bd3 O-O 7.O-O Nbd7 8.e5 dxe5
9.fxe5 Nd5 10.Nxd5 cxd5 11.c3 Nb8 12.Qe1 f6 13.exf6 exf6 14.Bf4 Nc6 15.Rf2 Re8
16.Re2 Bg4 17.h3 Bxf3 18.Rxe8+ Qxe8 19.Qxe8+ Rxe8 20.gxf3 a6 21.Kf2 f5 22.Rb1 Bf6
23.Kg3 Kg7 24.b3 Re7 25.a4 Nd8 26.Bd2 h6 27.b4 Bg5 28.f4 Bf6 29.b5 axb5 30.Rxb5 Rd7
31.Bb1 Nf7 32.Kf3 Be7 33.Ba2 Nd6 34.Rxd5 Rc7 35.Be1 g5 36.Re5 Bf6 37.Re2 Ne4
38.Re3 gxf4 39.Rd3 Re7 40.Kxf4 Nd6 41.Bg3 Kg6 42.Kf3 Ne4 43.Bf4 Ng5+ 44.Kf2 Re4
45.Bd2 Re7 46.Bd5 Ne4+ 47.Bxe4 Bh4+ 48.Ke2 fxe4 49.Re3 Kf5 50.c4 Rg7 51.Rb3 Rg2+
52.Kd1 Bf6 53.Rb5+ Kg6 54.Be3 Rg3 55.Ke2 Rxh3 56.Rxb7 Rh2+ 57.Kf1 Rh3 58.Kf2 Rh2+
59.Kf1 Rh3 60.Kf2 Rh2+ 61.Kg3 Re2 62.Rb3 Ra2 63.Kf4 Rxa4 64.Rc3 h5 65.Kxe4 h4
66.Bf4 h3 67.Rg3+ Kf7 68.Kd5 Ra8 69.Rxh3 Rd8+ 70.Bd6 Bxd4 71.Kxd4 Rxd6+ 72.Kc5 Re6
73.Rd3 Ke8 74.Rd6 Re2 75.Kc6 Ra2 76.c5 Ke7 77.Rd1 Rc2 78.Kb6 Ke6 79.c6 Ra2
80.c7  1-0

[Event "FIN-ch"]
[Site "Pori"]
[Date "1986.??.??"]
[Round "?"]
[White "Ebeling, Mika"]
[Black "Pirttimaki, Timo"]
[Result "1/2-1/2"]
[WhiteElo "2275"]
[BlackElo "2325"]

1.e4 g6 2.d4 Bg7 3.Nc3 d6 4.Nf3 Nf6 5.Be2 O-O 6.O-O Nc6 7.d5 Nb4 8.Be3 e6
9.a3 Na6 10.dxe6 Bxe6 11.Nd4 Bd7 12.Re1 Re8 13.Bf3 Nc5 14.Bg5 h6 15.Bc1 a6
16.b3 Nh7 17.b4 Na4 18.Nxa4 Bxa4 19.Rb1 Ng5 20.Bb2 Re7 21.Re3 Kh7 22.Qe2 Qh8
23.c3 Rae8 24.h4 c5 25.hxg5 cxd4 26.cxd4 Bxd4 27.gxh6 Bxb2 28.Qxb2 Rc7 29.Qxh8+ Rxh8
30.Rbe1 Rd8 31.Bd1 Bb5 32.Bb3 Kxh6 33.Rd1 Bc4 34.Bxc4 Rxc4 35.f3 Kg5 36.Red3 Kf4
37.Kf2 Rc2+ 38.R1d2 Rxd2+ 39.Rxd2 Rc8 40.g3+ Ke5 41.Ke3 f5 42.Rd5+ Ke6 43.Rd3 Rc2
44.Kf4 Rc4 45.Ke3 b6 46.Kf4 a5 47.bxa5 bxa5 48.Ke3 fxe4 49.fxe4 Rc5 50.Kf4 g5+
51.Kf3 Rc4 52.Ke3 a4 53.Kf3 Rc5 54.Ke3 Ke5 55.g4 Rb5 56.Rc3 Rb1 57.Ke2 Rg1
58.Rc4 Rxg4 59.Kf3 Rh4 60.Rxa4 d5 61.Ra8 dxe4+ 62.Ke3 Rh3+ 63.Ke2 Kf4 64.Rf8+ Kg3
65.a4 g4 66.a5 Rh6 67.Ke3 Kh3 68.Rf1 Ra6 69.Rh1+ Kg2 70.Ra1 g3 71.Kxe4 Kh2
72.Kd5 g2 73.Kc4  1/2-1/2

[Event "FIN-ch"]
[Site "Pori"]
[Date "1986.??.??"]
[Round "?"]
[White "Valkesalmi, Kimmo"]
[Black "Maki, Veijo"]
[Result "1/2-1/2"]
[WhiteElo "2405"]
[BlackElo "2360"]

1.e4 g6 2.d4 Bg7 3.Nc3 d6 4.Be3 Nf6 5.h3 O-O 6.Qd2 e5 7.d5 c6 8.dxc6 bxc6
9.O-O-O d5 10.exd5 cxd5 11.Nxd5 Nxd5 12.Qxd5 Qxd5 13.Rxd5 Be6 14.Rd1 Rc8
15.a3 Nd7 16.Ba6 Rc7 17.Ne2 Nc5 18.Bxc5 Rxc5 19.Nc3 Rb8 20.Ne4 Bh6+ 21.Kb1 Ra5
22.Be2 Rxa3 23.Nf6+ Kg7 24.Nd7 Rb4 25.Nxe5 Ra2 26.Nd3 Rb6 27.Bg4 f5 28.Bf3 Bg5
29.b3 Bf6 30.c4 Bxc4 31.Kxa2 Bxb3+ 32.Ka3 Be7+ 33.Nb4 Bxd1 34.Rxd1 a5 35.Rd7 axb4+
36.Kb3 Kf6 37.g4 fxg4 38.hxg4 h6 39.Bd5 Ra6 40.Kb2 Ra3 41.Bb3 Ra5 42.f4 g5
43.fxg5+ Rxg5 44.Bd1  1/2-1/2

[Event "FIN-ch"]
[Site "Pori"]
[Date "1986.??.??"]
[Round "?"]
[White "Raaste, Eero J"]
[Black "Maki, Veijo"]
[Result "1-0"]
[WhiteElo "2370"]
[BlackElo "2360"]

1.e4 g6 2.d4 Bg7 3.Nc3 d6 4.Bg5 Nc6 5.Nge2 Nf6 6.f3 a6 7.Qd2 b5 8.O-O-O Bd7
9.Bh6 Bxh6 10.Qxh6 e5 11.Nd5 Nxd5 12.exd5 Nb4 13.dxe5 Nxa2+ 14.Kb1 Nb4 15.Qg7 Rf8
16.Ng3 Qh4 17.exd6 O-O-O  1-0

[Event "Quebec"]
[Site "Quebec"]
[Date "1986.??.??"]
[Round "10"]
[White "Williams, Leo"]
[Black "Levtchouk, George"]
[Result "1/2-1/2"]
[WhiteElo "2285"]
[BlackElo "2280"]

1.e4 g6 2.d4 Bg7 3.Nc3 d6 4.Be3 c6 5.Qd2 b5 6.Bd3 a6 7.Nf3 Bg4 8.h4 Qc7 9.h5 b4
10.Nd1 Bxh5 11.Ng5 Bxd1 12.Rxd1 h6 13.Nf3 a5 14.e5 e6 15.exd6 Qxd6 16.Bf4 Qd8
17.O-O Ne7 18.c4 Nd7 19.Rfe1 Kf8 20.Bd6 Nf6 21.Bc5 Kg8 22.Ne5 Rc8 23.Qf4 Qe8
24.Qf3 Nf5 25.Bxf5 gxf5 26.Bb6 Ne4 27.Bxa5 Bxe5 28.dxe5 Qe7 29.Rxe4 fxe4
30.Qxe4 Rh7 31.Rd6 c5 32.Qd3 Rg7 33.Bd8 Qb7 34.f3 Rg6 35.Bf6 Re8 36.Rd7 Qc6
37.Rd6 Qa8 38.a3 bxa3 39.bxa3 Qa5 40.Kh2 Qe1 41.g4 Rxf6 42.exf6 Qh4+ 43.Kg2 Qxf6  1/2-1/2

[Event "Sao Paulo"]
[Site "Sao Paulo"]
[Date "1986.??.??"]
[Round "?"]
[White "Rubinetti, Jorge A"]
[Black "Quinteros, Miguel A"]
[Result "0-1"]
[WhiteElo "2440"]
[BlackElo "2510"]

1.d4 g6 2.e4 Bg7 3.Nc3 d6 4.Nf3 Nf6 5.Be2 O-O 6.O-O c5 7.dxc5 dxc5 8.Qxd8 Rxd8
9.Be3 b6 10.Rad1 Nc6 11.Nd5 Nxd5 12.exd5 Nb4 13.c3 Nxd5 14.Rd2 Rd6 15.Bg5 Bf6
16.Rfd1 Be6 17.Bxf6 Nxf6 18.Rxd6 exd6 19.Rxd6 Ne4 20.Rd1 Bxa2 21.c4 Re8 22.Kf1 Bb3
23.Rd7 a5 24.Bd3 a4  0-1

[Event "BCF-ch"]
[Site "Southampton"]
[Date "1986.??.??"]
[Round "2"]
[White "Thipsay, Praveen Mahadeo"]
[Black "Bell, Stephen"]
[Result "1-0"]
[WhiteElo "2375"]
[BlackElo "2360"]

1.e4 g6 2.d4 Bg7 3.Nc3 d6 4.f4 Nf6 5.Nf3 O-O 6.Bd3 Nc6 7.O-O Bg4 8.e5 dxe5
9.dxe5 Nd5 10.h3 Bf5 11.Nxd5 Qxd5 12.Bxf5 Qc5+ 13.Kh2 gxf5 14.Qd3 Nb4 15.Qxf5 Qxc2
16.Nd4 Qd3 17.Qxd3 Nxd3 18.Nf5 e6 19.Nxg7 Kxg7 20.Rf3 Rfd8 21.f5 Nxc1 22.Rxc1 Rd7
23.fxe6 fxe6 24.Rc4 c6 25.Rf6 Re8 26.Kg3 Rf7 27.Rg4+ Kf8 28.Rh4 Re7 29.Rhh6 Rxf6
30.exf6 Rd7 31.Kf4 Rd2 32.Rxh7 Rxg2 33.Rxb7 c5 34.h4 a5 35.h5 Rh2 36.Ke5 Re2+
37.Kd6  1-0

[Event "BCF-ch"]
[Site "Southampton"]
[Date "1986.??.??"]
[Round "7"]
[White "Yeo, Michael J"]
[Black "Norwood, David"]
[Result "0-1"]
[WhiteElo "2240"]
[BlackElo "2415"]

1.e4 g6 2.d4 Bg7 3.Nc3 d6 4.f4 Nc6 5.Be3 Nf6 6.Nf3 O-O 7.e5 Ng4 8.Bg1 dxe5
9.dxe5 Bf5 10.h3 Nh6 11.g4 Be6 12.f5 Nxf5 13.gxf5 Qxd1+ 14.Rxd1 Bxf5 15.Bd3 Bxd3
16.Rxd3 Nxe5 17.Nxe5 Bxe5 18.Bh2 Bd6 19.Nd5 e5 20.Nf6+ Kg7 21.O-O Rad8 22.Rd5 c6
23.Rxd6 Rxd6 24.Bxe5 Re6 25.Nd7+ f6 26.Nxf8 Rxe5 27.Nd7 Rg5+ 28.Kh2 h5 29.Rf2 Ra5
30.a3 f5 31.Re2 Rd5 32.Ne5 Kf6 33.Nd3 g5 34.h4 gxh4 35.Nf4 Rd4 36.Nxh5+ Kg6
37.c3 Rg4 38.Re5 Kxh5 39.Rxf5+ Kg6 40.Re5 Kf6 41.Re3 a5 42.Kh3 Rf4 43.Re8 b5
44.Rc8 Rc4 45.a4 bxa4 46.Ra8 Ke5 47.Rxa5+ Ke4 48.Ra8 Kd3 49.Rb8 Kc2 50.Rb6 c5
51.Rb5 Rf4 52.Rb8 Kb1 53.Rb7 Ka2 54.Rb8 Rc4 55.Rb7 a3 56.bxa3 Kxa3 57.Rb5 Rxc3+
58.Kxh4 c4 59.Rc5 Kb4 60.Rc8 Rf3  0-1

[Event "BCF-ch"]
[Site "Southampton"]
[Date "1986.??.??"]
[Round "9"]
[White "Agnos, Demetrios"]
[Black "Townsend, M Paul"]
[Result "1-0"]
[WhiteElo "2255"]
[BlackElo "2220"]

1.e4 g6 2.d4 Bg7 3.Nc3 d6 4.f4 Nf6 5.Nf3 c5 6.Bb5+ Bd7 7.e5 Ng4 8.h3 Bxb5
9.Nxb5 cxd4 10.Qxd4 Nh6 11.O-O Nc6 12.Qa4 O-O 13.c3 Qb6+ 14.Rf2 Nf5 15.g4 Ne3
16.Nbd4 Nd5 17.Nxc6 bxc6 18.Qe4 dxe5 19.Nxe5 Bxe5 20.Qxe5 Rfd8 21.f5 Qb8
22.Qxb8 Raxb8 23.Rf3 Nf6 24.Rf1 Rd3 25.Kh2 Nd5 26.Re1 Rb7 27.c4 Nb4 28.Bh6 f6
29.Rad1 Kf7 30.a3 Rbd7 31.Rxd3 Nxd3 32.Rd1 g5 33.h4 gxh4 34.Be3 a6 35.b4 Ke8
36.c5 Ne5 37.Rxd7 Kxd7 38.Kh3 Nf3 39.Bf2 e5 40.Bxh4 Nxh4 41.Kxh4 h6 42.Kh5 Ke7
43.Kxh6 e4 44.Kg7 e3 45.g5 fxg5 46.f6+ Kd7 47.f7 e2 48.f8=Q e1=Q 49.Qd6+ Ke8
50.Qxc6+ Ke7 51.Qf6+ Kd7 52.Qd6+ Ke8 53.Qxa6 Qe3 54.Qc8+ Ke7 55.Qc7+ Ke8
56.Qf7+ Kd8 57.Qd5+ Ke7 58.c6 Qc3+ 59.Kg8 g4 60.Qd7+  1-0

[Event "BCF-ch"]
[Site "Southampton"]
[Date "1986.??.??"]
[Round "10"]
[White "Ravisekhar, Raja"]
[Black "Smith, Alan A"]
[Result "1-0"]
[WhiteElo "2395"]
[BlackElo "2280"]

1.d4 g6 2.e4 Bg7 3.Nc3 d6 4.Nf3 Nf6 5.Be2 a6 6.a4 O-O 7.h3 b6 8.O-O Bb7 9.d5 c6
10.Re1 Nbd7 11.Bf4 cxd5 12.exd5 Rc8 13.Nd4 Rxc3 14.bxc3 Nxd5 15.Bd2 Qc7 16.Ra3 Ne5
17.Rb3 Rc8 18.Qc1 Qc5 19.Bf1 e6 20.Qa3 Qc7 21.Reb1 Nd7 22.a5 b5 23.Bxb5 Nc5
24.Bf1 Ra8 25.R3b2 Bc8 26.Be1 h5 27.Ne2 Nd7 28.Ra2 Kh7 29.c4 Qxc4 30.Nc3 Qc6
31.Nxd5 Qxd5 32.c4 Qc6 33.Rd1 Nc5 34.Bc3 e5 35.Bb4 Ra7 36.Rxd6 Qxd6 37.Bxc5 Qd7
38.Bxa7 Qxa7 39.Qd6 Be6 40.Rb2 e4 41.Rb6 e3 42.fxe3 Bh6 43.Kf2 Qa8 44.Bd3 Qe8
45.Qd4 Qe7 46.c5 Bg7 47.Qe4 Qf6+ 48.Ke2  1-0

[Event "BCF-ch"]
[Site "Southampton"]
[Date "1986.??.??"]
[Round "10"]
[White "Watson, William N"]
[Black "Norwood, David"]
[Result "1-0"]
[WhiteElo "2495"]
[BlackElo "2415"]

1.e4 g6 2.d4 Bg7 3.Nc3 d6 4.f4 Nc6 5.Be3 Nf6 6.Nf3 O-O 7.Qd2 a6 8.O-O-O b5
9.e5 Ng4 10.h3 Nxe3 11.Qxe3 Na5 12.Bd3 c6 13.f5 Nc4 14.Qf4 Rb8 15.g4 c5 16.Bxc4 cxd4
17.f6 exf6 18.exf6 Qxf6 19.Qxf6 Bxf6 20.Nd5 bxc4 21.Nxf6+ Kg7 22.g5 Rb5 23.h4 c3
24.b3 Bb7 25.Rh3 Bxf3 26.Rxf3 h6 27.gxh6+ Kxh6 28.Rxd4 Kg7 29.Rxd6 Rh8 30.h5 Rc8
31.hxg6 fxg6 32.Rd7+ Kh6 33.Rh7+ Kg5 34.Ne4+ Kg4 35.Rg3+ Kf4 36.Rh4+ Ke5
37.Rg5+  1-0

[Event "BCF-ch"]
[Site "Southampton"]
[Date "1986.??.??"]
[Round "10"]
[White "Plaskett, Jim"]
[Black "Carr, Neil L"]
[Result "1/2-1/2"]
[WhiteElo "2450"]
[BlackElo "2305"]

1.e4 g6 2.d4 Bg7 3.Nc3 d6 4.f4 Nf6 5.Nf3 c5 6.dxc5 Qa5 7.Bd3 Qxc5 8.Qe2 Bg4
9.Be3 Qa5 10.O-O Nc6 11.h3 Bxf3 12.Qxf3 O-O 13.a3 Nd7 14.Bd2 Qb6+ 15.Kh1 Nc5
16.Rab1 Nxd3 17.cxd3 f5 18.g4 Nd4 19.Qg3 fxg4 20.hxg4 e6 21.f5 gxf5 22.gxf5 Kh8
23.Qh3 exf5 24.exf5 d5 25.Rf4 Be5 26.Rh4 Rf7 27.Rh6 Qc5 28.Re1 Nxf5 29.Rxe5 Rg8
30.Be3 Nxe3 31.Qxe3  1/2-1/2

[Event "BCF-ch"]
[Site "Southampton"]
[Date "1986.??.??"]
[Round "11"]
[White "Pritchett, Craig William"]
[Black "Hennigan, Michael"]
[Result "0-1"]
[WhiteElo "2400"]
[BlackElo "2225"]

1.e4 g6 2.d4 Bg7 3.Nc3 d6 4.Be3 Nf6 5.Qd2 O-O 6.Nf3 Ng4 7.Bg5 h6 8.Bh4 Nd7
9.h3 Ngf6 10.e5 Nh7 11.O-O-O a6 12.Bc4 b5 13.Bd5 Rb8 14.Rhe1 g5 15.Bg3 Nb6
16.Be4 f5 17.exf6 Nxf6 18.Bg6 b4 19.Ne4 Nxe4 20.Bxe4 c5 21.dxc5 Bxb2+ 22.Kb1 Na4
23.Bd5+ Kh8 24.Bb3 Bc3 25.Qe2 Qa5 26.cxd6 Bg7 27.Rd3 exd6 28.Bxa4 Qxa4 29.Bxd6 Bf5
30.Bxb8 Rxb8 31.Rb3 Rc8 32.Ne5 Bxc2+ 33.Ka1 Bxb3 34.Qb2 Bg8 35.Ng6+ Kh7 36.Ne5 Rc2  0-1

[Event "URS-ch U20"]
[Site "Tallinn"]
[Date "1986.??.??"]
[Round "?"]
[White "Ehlvest, Jaan"]
[Black "Azmaiparashvili, Zurab"]
[Result "0-1"]
[WhiteElo "2465"]
[BlackElo "2465"]

1.e4 g6 2.d4 Bg7 3.Nc3 d6 4.f4 Nf6 5.Nf3 O-O 6.Bd3 Na6 7.O-O c5 8.d5 Bg4
9.h3 Bxf3 10.Rxf3 Nc7 11.a4 a6 12.a5 Nb5 13.Ne2 c4 14.Bxc4 Nxe4 15.Bxb5 axb5
16.Qd3 f5 17.Qxb5 Qc7 18.c3 Qc5+ 19.Qxc5 dxc5 20.c4 Ra6 21.Rb3 Nd6 22.Ra4 Rfa8
23.Bd2 b6 24.Nc1 Bd4+ 25.Kf1 Nc8 26.Ke2 bxa5 27.Kd3 e6 28.dxe6 Rd6 29.Kc2 Nb6
30.Rxa5 Re8 31.Bc3 Nxc4 32.Ra7 Ne3+ 33.Kb1 Bxc3 34.bxc3 Nd5 35.Rbb7 Rb6+
36.Rxb6 Nxb6 37.Kc2 Nd5 38.g3 Rxe6 39.Kd2 Ne3 40.Ra8+ Kg7 41.Kd3 c4+ 42.Kd4 Re4+
43.Kc5 Nf1 44.g4 Rxf4 45.g5 Re4 46.Kd6 f4 47.Ra7+ Kf8 48.Ra8+ Re8 49.Ra2 Nd2  0-1

[Event "Tbilisi"]
[Site "Tbilisi"]
[Date "1986.??.??"]
[Round "?"]
[White "Kaidanov, Grigory S"]
[Black "Azmaiparashvili, Zurab"]
[Result "0-1"]
[WhiteElo "2415"]
[BlackElo "2470"]

1.d4 d6 2.e4 g6 3.Nc3 Bg7 4.Nf3 Nf6 5.Bg5 c6 6.h3 O-O 7.Qd2 b5 8.Bd3 Qc7
9.a4 b4 10.Ne2 Nbd7 11.c3 bxc3 12.Nxc3 c5 13.Rc1 cxd4 14.Nxd4 Nc5 15.O-O Qb7
16.Rfe1 Bd7 17.e5 dxe5 18.Rxe5 Nxd3 19.Qxd3 e6 20.Re2 Nd5 21.Ne4 Bxa4 22.Nc5 Nb4
23.Qd2 Qd5 24.Nxa4 Bxd4 25.Be7 Na2 26.Rd1 Rfe8 27.Bh4 Bh8 28.Qe1 Qb5 29.Re4 a6
30.Rd6 Rac8 31.Kh2 Rc4 32.Qe2 Rb4 33.Qxb5 Rxb5 34.Rxa6  0-1

[Event "Tbilisi"]
[Site "Tbilisi"]
[Date "1986.??.??"]
[Round "?"]
[White "Pekarek, Ales"]
[Black "Azmaiparashvili, Zurab"]
[Result "0-1"]
[WhiteElo "2445"]
[BlackElo "2470"]

1.d4 d6 2.e4 g6 3.Nc3 Bg7 4.f4 Nc6 5.Be3 Nf6 6.Be2 O-O 7.d5 Nb8 8.Nf3 c6
9.Qd2 Bg4 10.h3 Bxf3 11.Bxf3 cxd5 12.e5 dxe5 13.fxe5 Ne8 14.Bxd5 Qc8 15.O-O e6
16.Bb3 Bxe5 17.Ne4 Nd7 18.Bh6 Ng7 19.Qg5 Qc6 20.Rad1 Qxe4 21.Rxd7 Bxb2 22.Qf4 Qxf4
23.Bxf4 a5 24.Bd6 Rfc8 25.Rdxf7 a4 26.Bxa4 Nf5 27.R7xf5 exf5 28.Bb3+ Kg7
29.g4 Rc6 30.Bb4 Bc3 31.Bxc3+ Rxc3 32.gxf5 Rf8 33.fxg6 Rxf1+ 34.Kxf1 hxg6
35.Kg2 Kh6 36.a4 b6 37.Kh2 Kg5 38.Kg2 Kh4 39.Be6 Rxc2+ 40.Kf3 Rc3+  0-1

[Event "Tbilisi"]
[Site "Tbilisi"]
[Date "1986.??.??"]
[Round "?"]
[White "Karolyi, Tibor Jr"]
[Black "Kantsler, B."]
[Result "1/2-1/2"]
[WhiteElo "2410"]
[BlackElo "2405"]

1.e4 g6 2.d4 Bg7 3.Nc3 d6 4.Nf3 Nf6 5.Be2 O-O 6.O-O c6 7.a4 a5 8.Be3 Nbd7
9.h3 e5 10.dxe5 dxe5 11.Qd2  1/2-1/2

[Event "Vienna op"]
[Site "Vienna"]
[Date "1986.??.??"]
[Round "?"]
[White "Schussler, Harry"]
[Black "Quinteros, Miguel A"]
[Result "0-1"]
[WhiteElo "2455"]
[BlackElo "2510"]

1.d4 g6 2.e4 Bg7 3.Nc3 d6 4.Nf3 Nf6 5.Be2 O-O 6.O-O Nc6 7.d5 Nb8 8.h3 c6
9.Re1 a5 10.a4 Na6 11.Bg5 Nc5 12.Bf1 e5 13.dxe6 Nxe6 14.Be3 Re8 15.Qd2 Qc7
16.Rad1 Bf8 17.Bh6 Qb6 18.Bxf8 Rxf8 19.Re3 Ne8 20.Nh4 Qd8 21.g3 Nc5 22.f4 Qe7
23.Bg2 f6 24.Nf3 Be6 25.Kh2 Qc7 26.Nd4 Bf7 27.b3 Rd8 28.Qf2 Ng7 29.Rde1 Rfe8
30.R3e2 Re7 31.Nf3 Qb6 32.Qd4 Ne8 33.h4 Qb4 34.Qxb4 axb4 35.Nd1 Nc7 36.Nf2 Rde8
37.g4 h6 38.Kg3 Kg7 39.g5 Nd5 40.Nd4 Nc3 41.gxf6+ Kxf6 42.Re3 h5 43.Kf3 N3xe4
44.Nxe4+ Nxe4 45.Bf1 Bd5 46.Bd3 Ng3+ 47.Kf2 Nh1+  0-1

[Event "Vrnjacka Banja"]
[Site "Vrnjacka Banja"]
[Date "1986.??.??"]
[Round "?"]
[White "Govedarica, Radovan"]
[Black "Haik, Aldo"]
[Result "1/2-1/2"]
[WhiteElo "2405"]
[BlackElo "2475"]

1.e4 g6 2.d4 Bg7 3.Nc3 d6 4.f4 Nf6 5.Nf3 O-O 6.Be3 Na6 7.e5 Nd7 8.h4 c5 9.h5 cxd4
10.Qxd4 Nb6 11.hxg6 fxg6 12.O-O-O Bf5 13.Bc4+  1/2-1/2

[Event "Altensteig"]
[Site "Altensteig"]
[Date "1987.??.??"]
[Round "?"]
[White "Westerinen, Heikki MJ"]
[Black "Hertneck, Gerald"]
[Result "1-0"]
[WhiteElo "2375"]
[BlackElo "2450"]

1.e4 g6 2.d4 Bg7 3.Nc3 d6 4.f4 c6 5.Nf3 Bg4 6.Be3 Qb6 7.Qd2 Bxf3 8.gxf3 Nd7
9.O-O-O Qa5 10.Kb1 b5 11.Ne2 Qxd2 12.Rxd2 Ngf6 13.Ng3 O-O 14.f5 Nb6 15.b3 e6
16.fxe6 fxe6 17.Be2 h5 18.Rg1 Kh7 19.Bd3 e5 20.Rdg2 Ne8 21.d5 Rxf3 22.Nf1 cxd5
23.Bxb6 axb6 24.exd5 Kh8 25.Rxg6 Ra7 26.Nd2 Rf4 27.Re6 Nf6 28.Rxd6 e4 29.Nxe4 Rxe4
30.Rxf6 Bxf6 31.Bxe4 b4 32.Bf5 Re7 33.Be6 Kh7 34.Bf5+ Kh8 35.Be6 Kh7 36.Kc1 Be5
37.h3 Ra7 38.Kd2 Rxa2 39.Kd3 h4 40.Bf5+ Kh8 41.Rg6 Ra1 42.Bg4 Ra5 43.Ke4 Bc7
44.d6  1-0

[Event "Altensteig"]
[Site "Altensteig"]
[Date "1987.??.??"]
[Round "?"]
[White "Schulz, Klaus Juergen"]
[Black "Hickl, Joerg"]
[Result "1/2-1/2"]
[WhiteElo "2440"]
[BlackElo "2450"]

1.e4 g6 2.d4 Bg7 3.Nc3 d6 4.Nge2 e5 5.Be3 Nc6 6.h3 Nf6 7.dxe5 Nxe5 8.Nd4 O-O
9.Be2 Re8 10.Qd2 Ned7 11.f3 c6 12.O-O-O a5 13.g4 a4 14.Bh6 Bh8 15.Nf5 a3
16.b3 d5 17.exd5 Nb6 18.Nd4 Nfxd5 19.Nxd5 Qxd5 20.Rhe1 Bd7 21.c4 Qc5 22.b4 Qe7
23.Bf1 Be6 24.Bg5 Bf6 25.Nxe6 fxe6 26.Bxf6 Qxf6 27.Qd4 Qxd4 28.Rxd4 Ra4 29.Re3 e5
30.Rde4 Rxb4 31.Rxa3 Nd7 32.Ree3 Rf8 33.Be2 Rf4 34.Rab3 Rxb3 35.axb3 Kf7
36.Kd2 Kf6 37.b4 c5 38.Rd3 Rd4 39.bxc5 Nxc5 40.Rxd4 Nb3+ 41.Ke3 Nxd4  1/2-1/2

[Event "Andorra zt"]
[Site "Andorra"]
[Date "1987.??.??"]
[Round "?"]
[White "Antunes, Antonio"]
[Black "D'Amore, Carlo"]
[Result "1/2-1/2"]
[WhiteElo "2405"]
[BlackElo "2365"]

1.e4 g6 2.d4 Bg7 3.Nc3 d6 4.Be2 Nf6 5.Be3 c6 6.f4 Qa5 7.Bf3 e5 8.Ne2 Nbd7
9.O-O Nb6 10.b3 Ng4 11.Bd2 Qa3 12.Nb1 Qa6 13.Nc1 exf4 14.Be2 Bxd4+ 15.Kh1 Nc4
16.Bxc4 Qb6 17.Bxf4 Bxa1 18.Bxf7+ Kf8 19.Nd3 Kg7 20.Nd2 Be5 21.Nc4 Qd4 22.Qf3 Bxf4
23.Qxf4 Rf8 24.Nxd6 Qe3 25.Ne8+ Rxe8 26.Bxe8 Qxf4 27.Rxf4 Nf6 28.Bf7 Kxf7
29.e5 Bf5 30.exf6 Bxd3 31.cxd3 Rd8 32.Rf3 Rd6 33.g4 Rxf6 34.Rh3 Kg7 35.Kg2 Rd6
36.Re3 Kf6 37.Rh3 Rd7 38.Rf3+ Ke5 39.Kf2 Kd4 40.Ke2 Kc3 41.Re3 Kb2 42.Re4 Kxa2
43.Ra4+ Kxb3 44.Rxa7 Kc3 45.Ra3+ Kd4 46.Kd2 Rf7 47.Ra4+ Kd5 48.Ra5+ b5 49.Ke3 Re7+
50.Kd2 Rf7 51.Ke3 Re7+ 52.Kd2 g5 53.Ra8 Re6 54.Rc8 Kd4 55.Rd8+ Ke5 56.Ke3 c5
57.Rg8 Kd5+ 58.Kd2 Kd4 59.Rd8+ Ke5 60.Rc8 Rh6 61.Rxc5+ Kf4 62.Rxb5 Rxh2+
63.Kc3 Kxg4 64.d4 Rh3+ 65.Kd2 Rf3 66.d5 Rf5 67.Rb4+ Kg3 68.Rd4 h5 69.d6  1/2-1/2

[Event "EU-ch U18"]
[Site "Arnhem"]
[Date "1987.??.??"]
[Round "6"]
[White "Riemersma, Liafbern"]
[Black "Norwood, David"]
[Result "0-1"]
[WhiteElo "2345"]
[BlackElo "2405"]

1.e4 g6 2.d4 Bg7 3.Nc3 d6 4.f4 Nf6 5.Nf3 O-O 6.Be2 b6 7.O-O Bb7 8.Bd3 c5
9.d5 Na6 10.Qe1 Nb4 11.Qh4 Qc8 12.f5 c4 13.Be2 Nxc2 14.Rb1 Qc5+ 15.Kh1 Nd4
16.Be3 Nxf5 17.exf5 Qxe3 18.fxg6 fxg6 19.Ng5 h6 20.Ne6 g5 21.Qxc4 Rfc8 22.Qb3 Rxc3
23.Qxc3 Qxc3 24.bxc3 Bxd5 25.Nc7 Rc8 26.Nxd5 Nxd5 27.Bg4 Rc5 28.Be6+ Kh8
29.Bxd5 Rxd5 30.Rb3 Rc5 31.Rc1 d5 32.Kg1 d4 33.c4 e5  0-1

[Event "AUT-ch"]
[Site "Austria"]
[Date "1987.??.??"]
[Round "3"]
[White "Petschar, Kurt"]
[Black "Schlosser, Michael"]
[Result "1/2-1/2"]
[WhiteElo "2285"]
[BlackElo "2350"]

1.e4 g6 2.d4 Bg7 3.Nc3 d6 4.Nf3 Nf6 5.Be2 O-O 6.O-O Bg4 7.Be3 Nc6 8.d5 Bxf3
9.Bxf3 Ne5 10.Be2 c6 11.f4 Ned7 12.Kh1 Qa5 13.Bf3 Rfc8 14.Bd2 Rab8 15.Qe2 Qc7
16.Rae1 Nb6 17.b3 cxd5 18.exd5 Nfd7 19.Nb5 Qxc2 20.Nxa7 Re8 21.Be3 Qxe2 22.Rxe2 e6
23.dxe6 Rxe6 24.Nb5 d5 25.Rfe1 Rc8 26.a4 Nc5 27.a5 Nd3 28.Rd1 Rxe3 29.Rxe3 Nf2+
30.Kg1 Nxd1 31.Bxd1 Rc1 32.Rd3 Rc5  1/2-1/2

[Event "FRG-ch"]
[Site "Bad Neuenahr"]
[Date "1987.??.??"]
[Round "?"]
[White "Zude, Arno"]
[Black "Reeh, Oliver"]
[Result "1-0"]
[WhiteElo "2295"]
[BlackElo "2275"]

1.e4 d6 2.d4 g6 3.Nc3 Bg7 4.f4 Nc6 5.Be3 Nf6 6.h3 O-O 7.e5 Nd7 8.Nf3 e6 9.Qd2 Ne7
10.O-O-O b6 11.g4 Bb7 12.Bg2 Nd5 13.Nxd5 Bxd5 14.Ng5 Bxg2 15.Qxg2 c5 16.dxc5 dxe5
17.f5 exf5 18.gxf5 Qe8 19.h4 Nf6 20.h5 h6 21.Ne4 Nxe4 22.Qxe4 g5 23.c6 Rd8
24.Rxd8 Qxd8 25.Rd1 Qc8 26.Rd7 Qa6 27.c7 Bf6 28.Qc6 Qe2 29.Qxf6 Qxe3+ 30.Rd2 Qe1+
31.Rd1 Qe3+ 32.Kb1 Qf3 33.Qd8 Qxf5 34.b3 g4 35.Rd7 Kg7 36.Qxf8+ Kxf8 37.c8=Q+ Kg7
38.Qe8 g3 39.Rd8 Kf6 40.Qg8 Qg5 41.Rd6+  1-0

[Event "Wch U20"]
[Site "Baguio"]
[Date "1987.??.??"]
[Round "?"]
[White "Wahls, Matthias"]
[Black "Norwood, David"]
[Result "1-0"]
[WhiteElo "2435"]
[BlackElo "2405"]

1.e4 g6 2.d4 Bg7 3.Nc3 d6 4.f4 Nf6 5.Nf3 O-O 6.Bd3 Na6 7.O-O c5 8.d5 Bg4
9.Bc4 Nc7 10.h3 Bxf3 11.Qxf3 Rb8 12.a4 a6 13.a5 b5 14.axb6 Rxb6 15.Qd3 e6
16.Na4 Rb8 17.dxe6 fxe6 18.e5 dxe5 19.Qxd8 Rbxd8 20.Nxc5 Nfd5 21.fxe5 Rxf1+
22.Kxf1 Bxe5 23.c3 Rf8+ 24.Kg1 Bg3 25.Nxe6 Re8 26.Bf4 Rxe6 27.Bxg3 Rc6 28.Ba2 Kg7
29.Rd1 Nb6 30.Be5+ Kh6 31.Bf4+ Kh5 32.Re1 g5 33.Re5 Kg6 34.Rxg5+ Kf6 35.Rh5 Kg7
36.Rg5+ Kf6 37.Rh5 Kg7 38.Bb1 h6 39.Be4 Rc4 40.Bxh6+ Kf6 41.Bd3  1-0

[Event "Wch U20"]
[Site "Baguio"]
[Date "1987.??.??"]
[Round "?"]
[White "Klinger, Josef"]
[Black "Norwood, David"]
[Result "1-0"]
[WhiteElo "2490"]
[BlackElo "2405"]

1.e4 g6 2.d4 Bg7 3.Nc3 d6 4.Nge2 Nf6 5.g3 O-O 6.Bg2 e5 7.h3 c6 8.a4 Nbd7
9.O-O Re8 10.Be3 Qe7 11.g4 exd4 12.Bxd4 Nc5 13.Ng3 h6 14.Re1 Be6 15.Qd2 Rad8
16.Nf5 gxf5 17.exf5 Qf8 18.fxe6 Nxe6 19.Bxa7 d5 20.Bb6 Rd7 21.Ne2 c5 22.Ng3 Qd6
23.a5 Nd4 24.Rxe8+ Nxe8 25.Re1 Nf6 26.c3 Ne6 27.Nf5 Qf8 28.Qe3 Nh7 29.Nxg7 Kxg7
30.Qe5+ Kg8 31.Bxd5 Nhg5 32.Bg2 Rd3 33.Re3 Rd1+ 34.Kh2 Rd2 35.f4 f6 36.Qf5 Qd6
37.Qg6+ Kh8 38.Qxf6+ Kh7 39.Qf5+ Kg7 40.Re5 Qc6 41.Rd5 Rxg2+ 42.Kxg2 Nxf4+
43.Qxf4 Qxd5+ 44.Kh2 Nf3+ 45.Kg3 Ne1 46.Qe3 Qg2+ 47.Kf4 Qf1+ 48.Ke4 Qc4+
49.Ke5 Qb5 50.Kd6 Qc6+ 51.Ke7 Nf3 52.Qe6  1-0